Výpočet rizika pri stanovení všeobecnej hodnoty majetku

Všeobecné zásady a metódy ohodnocovania majetku podniku a spôsoby zohľadnenia rizika v znaleckej činnosti znalca.

Saved in:
Bibliographic Details
Main Author: Rybárová, Daniela, 1967-
Format: Book Chapter
Language:Slovak
Subjects:
Tags: Add Tag
No Tags, Be the first to tag this record!

MARC

LEADER 00000naa a2200000 4500
001 0210628
005 20240522123410.8
041 0 |a slo 
044 |a SK 
245 1 0 |a Výpočet rizika pri stanovení všeobecnej hodnoty majetku  |c Daniela Rybárová 
520 |a Všeobecné zásady a metódy ohodnocovania majetku podniku a spôsoby zohľadnenia rizika v znaleckej činnosti znalca. 
610 2 0 |a ohodnocovanie podniku 
610 2 0 |a majetok podnikový 
610 2 0 |a hodnota majetku 
610 2 0 |a oceňovanie ekonomické 
610 2 0 |a metódy 
610 2 0 |a riziko 
610 2 0 |a znalci 
610 2 0 |a znalectvo 
100 1 |a Rybárová, Daniela, 1967-